Police training and performance study (Record no. 499920)

000 -LEADER
fixed length control field 00372cam a22001097a 4500
008 - FIXED-LENGTH DATA ELEMENTS--GENERAL INFORMATION
fixed length control field 180718b1970 xxu||||| |||| 00| 0 eng d
082 ## - DEWEY DECIMAL CLASSIFICATION NUMBER
Classification number K5:N4x73 Un3en
245 ## - TITLE STATEMENT
Title Police training and performance study
Statement of responsibility, etc. by Department of Justice, United States
260 ## - PUBLICATION, DISTRIBUTION, ETC.
Place of publication, distribution, etc. Washington
Name of publisher, distributor, etc. Government Printing Office
Date of publication, distribution, etc. 1970
300 ## - PHYSICAL DESCRIPTION
Extent 233+p.
700 ## - ADDED ENTRY--PERSONAL NAME
Personal name United States. Department of Justice
Holdings
Withdrawn status Lost status Damaged status Not for loan Permanent Location Current Location Date acquired Full call number Barcode Date last seen Price effective from Koha item type
        Indian Institute of Public Administration Indian Institute of Public Administration 2018-08-04 K5:N4x73 Un3en G12114 2018-08-04 2018-08-04 G

Powered by Koha